000 00465nab a2200145Ia 4500
003 ES-SlBCS
005 20210601144415.0
008 140529s1991 xxu||||| |||| 00| 0 spa d
041 _aspa
100 1 _aMonclús Estella, Antonio
_9228883
245 0 0 _aPautas de la educación de adultos en la actualidad
_c Antonio Monclús Estella
650 0 4 _aEducación de Adultos
_9128539
773 0 _tRevista de Educacion
_gnº. 294, 1991, págs. 49-66
_wRev360
942 _cAR
999 _c708142
_d708142